<?xml version="1.0" encoding="UTF-8"?>
<record
    xmlns:xsi="http://www.w3.org/2001/XMLSchema-instance"
    xsi:schemaLocation="http://www.loc.gov/MARC21/slim http://www.loc.gov/standards/marcxml/schema/MARC21slim.xsd"
    xmlns="http://www.loc.gov/MARC21/slim">

  <leader>01848nam a2200217Ia 4500</leader>
  <controlfield tag="001">b7148-53235 </controlfield>
  <controlfield tag="003">IT-MiCISF</controlfield>
  <controlfield tag="008">161014s9999||||xx |||||||||||||| ||und||</controlfield>
  <datafield tag="040" ind1=" " ind2=" ">
    <subfield code="a">IT-MiCISF</subfield>
    <subfield code="c">IT-MiCISF</subfield>
  </datafield>
  <datafield tag="041" ind1=" " ind2=" ">
    <subfield code="a">it</subfield>
  </datafield>
  <datafield tag="100" ind1=" " ind2=" ">
    <subfield code="a">Melina Livio (a cura di)</subfield>
  </datafield>
  <datafield tag="245" ind1=" " ind2="0">
    <subfield code="a">Amare nella differenza</subfield>
    <subfield code="b">Le forme della sessualit&#xE0; e il pensiero cattolico: studio interdisciplinare</subfield>
  </datafield>
  <datafield tag="250" ind1=" " ind2=" ">
    <subfield code="a">1a ed.</subfield>
  </datafield>
  <datafield tag="260" ind1=" " ind2=" ">
    <subfield code="a"> Siena</subfield>
    <subfield code="b">Cantagalli</subfield>
    <subfield code="c">2012</subfield>
  </datafield>
  <datafield tag="300" ind1=" " ind2=" ">
    <subfield code="a">pp.565</subfield>
  </datafield>
  <datafield tag="500" ind1=" " ind2=" ">
    <subfield code="a">Levada W.J., Melina L., Belardinelli S., Haldane J., Anatrella T., Lee J.S., Botturi F., Di Pietro M.L., Binasco M., Vaitoska G., Marengo G., Angelini G., Martin F., Edart J.B.,  Ayan Calvo J.J., Faggioni M., Rodriguez Luno A., Schindler D.L., Lorente A.P., Lacroix X., Mazzocato G., Rhonheimer M., Noriega J., D'Agostino F., Crawford D., Ollero Tassara  A., Gambino G., Nicolosi J., Pesci F., Perez-Soba J.J. / sessuali&#xE0;, societ&#xE0;, cultura, omosessualit&#xE0;, identit&#xE0;-sessuale, bibbia, patristica, antropologia, diritto, pastorale, differenza-sessuale, filosofia, religioni-non-cristiane / Il volume raccoglie gli studi di esperti qualificati a livello internazionale nelle differenti discipline, che indagano sulla sessualit&#xE0; e sulle diverse forme che essa ha assunto nel vissuto sociale contemporaneo. Il suo intento &#xE8; quello di raggiungere una piena interdisciplinariet&#xE0;, grazie al contributo di autori che, pur nella diversit&#xE0; delle loro prospettive disciplinari, siano accomunati dalla condivisione della luce che l'antropologia cristiana offre all'interpretazione dell'umano, e quindi ad un una visione integrale della persona, nella quale i singoli apporti dei saperi trovino spazio e si ridimensionino, bilanciandosi reciprocamente.</subfield>
  </datafield>
  <datafield tag="650" ind1=" " ind2=" ">
    <subfield code="a">sessualit&#xE0;</subfield>
  </datafield>
  <datafield tag="700" ind1=" " ind2=" ">
    <subfield code="a">Belardinelli Sergio (a cura di)</subfield>
  </datafield>
  <datafield tag="942" ind1=" " ind2=" ">
    <subfield code="c">BK</subfield>
  </datafield>
  <datafield tag="957" ind1=" " ind2=" ">
    <subfield code="7">1</subfield>
  </datafield>
  <datafield tag="999" ind1=" " ind2=" ">
    <subfield code="a">53235</subfield>
    <subfield code="b">si</subfield>
    <subfield code="g">1</subfield>
    <subfield code="c">209824</subfield>
    <subfield code="d">209824</subfield>
  </datafield>
  <datafield tag="952" ind1=" " ind2=" ">
    <subfield code="0">0</subfield>
    <subfield code="1">0</subfield>
    <subfield code="4">0</subfield>
    <subfield code="6">B_714853235</subfield>
    <subfield code="7">1</subfield>
    <subfield code="a">CISF</subfield>
    <subfield code="b">CISF</subfield>
    <subfield code="d">2016-10-14</subfield>
    <subfield code="l">0</subfield>
    <subfield code="o">b7148-53235 </subfield>
    <subfield code="r">2016-10-14 00:00:00</subfield>
    <subfield code="w">2016-10-14</subfield>
    <subfield code="y">BK</subfield>
    <subfield code="z">Data import 15.10.2016 / by Epidotti, Vaglietti</subfield>
  </datafield>
</record>
